Getting started in Forex trading strategies
Written in a straightforward and accessible style, Getting Started in Forex Trading Strategies is a highly visual guide to foreign exchange trading that introduces you to the Codex Method-a proven process that allows you to tailor a trading strategy to your own personal preferences. From here, autho...
Αποθηκεύτηκε σε:
| Κύριος συγγραφέας: | |
|---|---|
| Μορφή: | Βιβλίο |
| Γλώσσα: | Undetermined |
| Έκδοση: |
Hoboken, N.J.
John Wiley & Sons
2007
|
| Θέματα: | |
| Ετικέτες: |
Προσθήκη ετικέτας
Δεν υπάρχουν, Καταχωρήστε ετικέτα πρώτοι!
|
| Thư viện lưu trữ: | Trung tâm Học liệu Trường Đại học Cần Thơ |
|---|
| LEADER | 01315nam a2200205Ia 4500 | ||
|---|---|---|---|
| 001 | CTU_165690 | ||
| 008 | 210402s9999 xx 000 0 und d | ||
| 020 | |c 23.99 | ||
| 082 | |a 332.45 | ||
| 082 | |b A671 | ||
| 100 | |a Archer, Michael Duane | ||
| 245 | 0 | |a Getting started in Forex trading strategies | |
| 245 | 0 | |c Michael D. Archer | |
| 260 | |a Hoboken, N.J. | ||
| 260 | |b John Wiley & Sons | ||
| 260 | |c 2007 | ||
| 520 | |a Written in a straightforward and accessible style, Getting Started in Forex Trading Strategies is a highly visual guide to foreign exchange trading that introduces you to the Codex Method-a proven process that allows you to tailor a trading strategy to your own personal preferences. From here, author Michael Duane Archer outlines his own personal codex-as he guides you through the process of developing yours-and reveals how to use this approach to make, monitor, and exit a trade. Along the way, Archer reveals the best ways to implement your strategy and discusses the importance of consistently keeping trading records. | ||
| 650 | |a Trao đổi ngoại hối trong tương lai,Dự đoán,Thị trường ngoại hối,Foreign exchange market,Foreign exchange futures,Speculation | ||
| 904 | |i T Thu,Qhieu | ||
| 980 | |a Trung tâm Học liệu Trường Đại học Cần Thơ | ||